Quince Cuentistas.
Uloženo v:
| Médium: | Neznámo |
|---|---|
| Jazyk: | Spanish |
| Vydáno: |
Cuba :
Casa de las Américas,
1974.
|
| Edice: | (Colección Casa de las Américas)
|
| Témata: | |
| Tagy: |
Přidat tag
Žádné tagy, Buďte první, kdo vytvoří štítek k tomuto záznamu!
|
MARC
| LEADER | 000000000a22000000004500 | ||
|---|---|---|---|
| 001 | 003225 | ||
| 041 | 0 | |a spa | |
| 082 | 0 | 4 | |a A863.082 |b Q71q |
| 245 | 0 | 0 | |a Quince Cuentistas. |
| 260 | 1 | |a Cuba : |b Casa de las Américas, |c 1974. | |
| 300 | |a 260 páginas | ||
| 490 | 1 | |a (Colección Casa de las Américas) | |
| 650 | 4 | |a LITERATURA LATINOAMERICANA | |
| 650 | 4 | |a CUENTOS | |
| 650 | 4 | |a COLECIONES | |
| 999 | |c 9505 |d 9505 | ||
| 942 | |c BK |h A863.082 Q71q |2 z | ||
